Law, Business and Society. (Record no. 2328)

MARC details
005 - DATE AND TIME OF LATEST TRANSACTION
control field 20250515150525.0
020 ## - INTERNATIONAL STANDARD BOOK NUMBER
International Standard Book Number 978-0-07-304810-9
082 ## - DEWEY DECIMAL CLASSIFICATION NUMBER
Classification number LECT 346.730 McA
100 ## - MAIN ENTRY--PERSONAL NAME
Author name McADAMS, T.
245 ## - TITLE STATEMENT
Title Law, Business and Society.
250 ## - EDITION STATEMENT
Edition statement 8th Ed.
260 ## - PUBLICATION, DISTRIBUTION, ETC.
Place of publication, distribution, etc. Boston,
Name of publisher, distributor, etc. Mcgraw-Hill,
Date of publication, distribution, etc. 2007.
300 ## - PHYSICAL DESCRIPTION
Extent xxiii, 830p.: ill.; table.
Other physical details Glossary & Index
Dimensions 24cm.
700 ## - ADDED ENTRY--PERSONAL NAME
Other authors/Editors NESLUND, N. & NESLUND, K.
856 ## - ELECTRONIC LOCATION AND ACCESS
Link text Access online book
Electronic name Law, Business and Society.
Path www.mhhe.com/mcadams8e
942 ## - ADDED ENTRY ELEMENTS (KOHA)
Source of classification or shelving scheme Dewey Decimal Classification
Koha item type Books
Holdings
Date last seen Total checkouts Full call number Barcode Cost, replacement price Price effective from Koha item type Lost status Source of classification or shelving scheme Damaged status Not for loan Withdrawn status Home library Current library Shelving location Date acquired Cost, normal purchase price Source of acquisition
06/29/2025   LECT 346.730 McA DOM0003354 180000.00 05/15/2025 Books   Dewey Decimal Classification       CBE Dodoma CBE Dodoma General Collection 12/08/2010 60000.00 Library budget
07/01/2025   LECT 346.730 McA DOM0001782 180000.00 07/01/2025 Books   Dewey Decimal Classification       CBE Dodoma CBE Dodoma General Collection 12/08/2010 60000.00  
05/15/2025   LECT 346.730 McA 0000008882 180000.00 05/15/2025 Books   Dewey Decimal Classification       College of Business Education Main Library College of Business Education Main Library General Collection 12/08/2010 60000.00  
05/15/2025   LECT 346.730 McA 0000008883 180000.00 05/15/2025 Books   Dewey Decimal Classification       College of Business Education Main Library College of Business Education Main Library General Collection 12/08/2010 60000.00  
05/15/2025   LECT 346.730 McA 0000008884 180000.00 05/15/2025 Books   Dewey Decimal Classification       College of Business Education Main Library College of Business Education Main Library General Collection 12/08/2010 60000.00